[Event "POL-chT Academic"]
[Site "Katowice"]
[Date "2020.11.15"]
[Round "7.24"]
[White "Bar, Marta"]
[Black "Mazur, Anna"]
[Result "0-1"]
[WhiteElo "1224"]
[BlackElo "1731"]
[PlyCount "168"]
[EventDate "2020.11.14"]
[EventType "team-swiss (rapid)"]
[EventRounds "9"]
[EventCountry "POL"]
[SourceTitle "CBM 199 Extra"]
[Source "ChessBase"]
[SourceDate "2021.01.31"]
[SourceVersion "1"]
[SourceVersionDate "2021.01.31"]
[SourceQuality "1"]
[WhiteTeam "Rszeszow Politechnika"]
[BlackTeam "Gliwice Politechnika Slaska"]
[WhiteTeamCountry "POL"]
[BlackTeamCountry "POL"]

1. e4 c5 2. Nf3 e6 3. Nc3 a6 4. Be2 b5 5. a3 Bb7 6. d3 Be7 7. 0-0 Qc7 8. Be3 d6 9. d4 b4 10. axb4 cxb4 11. Na4 Bxe4 12. c3 bxc3 13. bxc3 Nf6 14. c4 0-0 15. Bd3 Bxd3 16. Qxd3 Nbd7 17. Rfc1 Rfd8 18. d5 Nc5 19. Nxc5 dxc5 20. g3 exd5 21. cxd5 Nxd5 22. Bd2 a5 23. Qb5 Rdb8 24. Qc4 Nb6 25. Bf4 Qb7 26. Qe2 Re8 27. Ra2 Bd6 28. Be3 Nd5 29. Ne1 Qe7 30. Ng2 Qe5 31. Qc4 Nxe3 32. Nxe3 Reb8 33. Qc3 Qxc3 34. Rxc3 Kf8 35. Rcc2 Ke7 36. Kg2 g6 37. Nc4 Bc7 38. Nd2 Bb6 39. Ne4 Rc8 40. Nc3 Kd6 41. Nb5+ Kc6 42. Nc3 Rd8 43. Ne4 Rd5 44. Nf6 Rf5 45. Ne4 Re8 46. Nc3 Rfe5 47. Nd1 f5 48. Ne3 Re4 49. Nc4 R4e6 50. Ne3 Rf8 51. Nc4 Ra8 52. h3 g5 53. Kf3 h5 54. g4 hxg4+ 55. hxg4 f4 56. Kg2 Rh6 57. Ne5+ Kd5 58. Nd7 Ra7 59. Nxb6+ Rxb6 60. Rd2+ Kc6 61. Re2 Kd5 62. Red2+ Ke6 63. Re2+ Kf6 64. Rec2 Rc6 65. Rd2 c4 66. Rdc2 Ke5 67. Kf3 Kd4 68. Rd2+ Kc3 69. Rdc2+ Kb4 70. Rcb2+ Kc5 71. Rc2 Rb6 72. Re2 Rb3+ 73. Kg2 Kd4 74. f3 Re3 75. Red2+ Kc5 76. Rdc2 a4 77. Kf2 a3 78. Kg2 Kb4 79. Kf2 Rd7 80. Kg2 Rdd3 81. Rf2 Rb3 82. Rac2 c3 83. Ra2 Rb2 84. Ra1 Ree2 0-1